The Other Side of Desire. One love was natural. The other was forbidden - and dangerous!

Saved in:
Bibliografiske detaljer
Hovedforfatter: Christian, Paula
Format: Bog
Sprog:engelsk
Tags: Tilføj Tag
Ingen Tags, Vær først til at tagge denne postø!

MARC

LEADER 00000nam a2200000 4500
005 20240227142547.0
008 240227b |||||||| |||| 00| 0 eng d
040 |c C 
100 |a Christian, Paula 
245 |a The Other Side of Desire.   |b One love was natural. The other was forbidden - and dangerous! 
942 |2 ddc  |c BK  |n 0 
952 |0 0  |1 0  |2 ddc  |4 0  |6 813_500000000000000_CHR_THE  |7 1  |9 745  |a GE  |b GE  |d 2015-12-02  |l 0  |o 813.5 CHR THE  |p 2751  |r 2024-02-27 14:26:29  |w 2024-02-27  |y BK 
999 |c 701  |d 701